=LDR 00000nam 2200000 4500 =001 INLIS000000000048298 =005 20240130010501 =035 ##$$a 0010-101600000000056 =008 240130###########################0###### =020 ##$$a 978-602-8811-52-1 =040 ##$$a NBPDMAT =082 ##$$a 813 =090 ##$$a 813 $bAnd s =100 ##$$a Andrea Hirata =245 1#$$a Sebelas patriot /$c Andrea Hirata =260 ##$$a Yogyakarta :$b Bentang,$c 2011 =300 ##$$a 108 hlm : $b ilus ; $c 2011 =650 #4$$a Sastra - Indonesia =850 ##$$a NBPDMAT =084 ##$$a 813 AND s =250 ##$$a Cet. 1 =990 ##$$a 51600192